Statistics for College Football Matchups: Mississippi State

Click here to take the quiz!

General Stats

  • This quiz has been taken 40 times
    (6 since last reset)
  • The average score is 15 of 16

Answer Stats

# of GamesOpponentLast Meeting% Correct
108Alabama09/30/2023
100%
34Arkansas10/21/2023
100%
97Auburn10/28/2023
100%
55Florida09/29/2018
100%
26Georgia11/12/2022
100%
51Kentucky11/04/2023
100%
117LSU09/16/2023
100%
120Ole Miss11/23/2023
100%
17South Carolina09/23/2023
100%
31Southern Miss11/18/2023
100%
46Tennessee10/12/2019
100%
17Texas A&M11/11/2023
100%
58Tulane09/08/2007
100%
24Vanderbilt10/23/2021
100%
46Memphis09/03/2022
50%
19Samford10/29/2016
25%

Score Distribution

Percentile by Number Answered

Percent of People with Each Score

Your Score History

You have not taken this quiz since the last reset